Statistiche per Capoluoghi di regione con mappa

Clicka qui per fare il quiz!

Statistiche generali

  • Questo quiz è stato fatto 5.815 volte
  • Il punteggio medio è 19 su 20

Risposte nella Mappa

Le risposte nella mappa del quiz sottostante sono codificate secondo una scala di colori dal rosso al verde in base alla % di persone che hanno risposto correttamente.
Caricamento ...
 

Statistiche sulle risposte

RegionePopolazioneCapoluogo% Corretto
Lazio2,638,842Roma
100%
Toscana366,039Firenze
99%
Lombardia1,202,101Milano
99%
Campania959,052Napoli
99%
Piemonte872,091Torino
99%
Veneto259,263Venezia
99%
Liguria582,320Genova
98%
Sicilia654,987Palermo
98%
Puglia313,213Bari
97%
Valle d'Aosta34,657Aosta
96%
Emilia-Romagna380,635Bologna
96%
Sardegna149,575Cagliari
96%
Trentino-Alto Adige115,540Trento
93%
Friuli-Venezia Giulia201,148Trieste
92%
Molise48,487Campobasso
88%
Abruzzo68,304L'Aquila
88%
Umbria162,986Perugia
86%
Marche100,343Ancona
83%
Calabria89,062Catanzaro
81%
Basilicata66,405Potenza
80%

Distribuzione punteggi

Percentile per numero di risposta

Percentuale di utenti per punteggio

I tuoi punteggi nel tempo

Non hai fatto questo quiz